000 01093nam0a22002771 4500
001 rc\4856262
005 20250612195303.0
021 _aRU
_b[62-8232]
035 _a(NLR Aleph) 008816780
090 _a8196384
_c8196384
100 _a20130426d1962 |||y0rusy50 ca
101 1 _aeng
_grus
102 _aRU
105 _aa z |||||
200 1 _aСмелая африканская охотница
_eКнига для чтения на англ. яз. в VII классе восьмилет. школы
_fАдаптация, примеч. и словарь Н.П. Панаевой
210 _a[Ленинград
_cУчпедгиз. Ленингр. отд-ние
_d1962]
215 _a80 с.
_cил.
_d20
300 _aОписано по обороту тит. л. На тит. л. и обл.: Amos Tytuola. The brave african huntress
517 0 _aThe brave african huntress
700 1 _aТутуола
_bА.
_f1920-
_gАмос
702 1 _aПанаева
_bН.П.
_4212
801 0 _aRU
_bNLR
_gpsbo
801 1 _aRU
_bELAR
_2rusmarc
852 _aNLR
_j62-4/3267
942 _cBOOK
980 _aNB